00509nam a22002055a 45000010009000000050017000090080041000260100017000670200018000840200018001020400013001200410008001330420008001410800017001490820017001661000006001831010008001892450097001972630009002941726116620180216075947.0120418s2012 nyu 000 0 eng  a 2012937927 a9781133280286 a9781133280309 aDLCcDLC aeng apcc a610.73 SPR a610.73 SPR1 a2 aINF10a2013 Delmar nurse's drug handbook /cGeorge R. Spratto, PHD, Adrienne L. Woods, MSN, FNP-BC. a1206